ARRUPE JESUIT UNIVERSITY

CORONAVIRUS -STOP THE SPREAD - CLEAN,DISINFECT,COVER

The roots of ethnicity : (Record no. 120490)

MARC details
000 -LEADER
fixed length control field 01393pam a2200349 a 4500
001 - CONTROL NUMBER
control field 651951
003 - CONTROL NUMBER IDENTIFIER
control field ARRUPE
005 - DATE AND TIME OF LATEST TRANSACTION
control field 20140515115408.0
008 - FIXED-LENGTH DATA ELEMENTS--GENERAL INFORMATION
fixed length control field 940428s1994 pauab b 001 0 eng
010 ## - LIBRARY OF CONGRESS CONTROL NUMBER
LC control number 94012548
020 ## - INTERNATIONAL STANDARD BOOK NUMBER
International Standard Book Number 0812232488 (acidfee paper)
040 ## - CATALOGING SOURCE
Original cataloging agency DLC
Transcribing agency DLC
Modifying agency DLC
043 ## - GEOGRAPHIC AREA CODE
Geographic area code f-ug---
050 00 - LIBRARY OF CONGRESS CALL NUMBER
Classification number DT155.2.A35
Item number A85 1994
082 00 - DEWEY DECIMAL CLASSIFICATION NUMBER
Classification number 967.61/004965
Edition number 20
300 ## - PHYSICAL DESCRIPTION
Other physical details ill., maps ;
Dimensions 24 cm.
100 1# - MAIN ENTRY--PERSONAL NAME
Personal name Atkinson, Ronald Raymond,
Dates associated with a name 1944-
9 (RLIN) 10190
245 14 - TITLE STATEMENT
Title The roots of ethnicity :
Remainder of title the origins of the Acholi of Uganda before 1800 /
Statement of responsibility, etc Ronald R. Atkinson.
260 ## - PUBLICATION, DISTRIBUTION, ETC. (IMPRINT)
Place of publication, distribution, etc Philadelphia :
Name of publisher, distributor, etc University of Pennsylvania Press,
Date of publication, distribution, etc c1994.
300 ## - PHYSICAL DESCRIPTION
Extent xviii, 320 p. :
490 1# - SERIES STATEMENT
Series statement The ethnohistory series
504 ## - BIBLIOGRAPHY, ETC. NOTE
Bibliography, etc Includes bibliographical references (p. [283]-306) and index.
650 #0 - SUBJECT ADDED ENTRY--TOPICAL TERM
Topical term or geographic name as entry element Acholi (African people)
General subdivision Origin.
9 (RLIN) 10191
650 #0 - SUBJECT ADDED ENTRY--TOPICAL TERM
Topical term or geographic name as entry element Acholi (African people)
General subdivision History
-- Sources.
9 (RLIN) 10192
650 #0 - SUBJECT ADDED ENTRY--TOPICAL TERM
Topical term or geographic name as entry element Acholi (African people)
General subdivision Ethnic identity.
9 (RLIN) 10193
650 #0 - SUBJECT ADDED ENTRY--TOPICAL TERM
Topical term or geographic name as entry element Ethnicity
Geographic subdivision Uganda.
9 (RLIN) 10194
650 #0 - SUBJECT ADDED ENTRY--TOPICAL TERM
Topical term or geographic name as entry element Ethnohistory
Geographic subdivision Uganda.
9 (RLIN) 10195
650 #0 - SUBJECT ADDED ENTRY--TOPICAL TERM
Topical term or geographic name as entry element Chiefdoms
Geographic subdivision Uganda
General subdivision History.
9 (RLIN) 10196
830 #0 - SERIES ADDED ENTRY--UNIFORM TITLE
Uniform title Ethnohistory series (Philadelphia, Pa.)
9 (RLIN) 10197
906 ## - LOCAL DATA ELEMENT F, LDF (RLIN)
a 7
b cbc
c orignew
d 1
e ocip
f 19
g y-gencatlg
942 ## - ADDED ENTRY ELEMENTS (KOHA)
Source of classification or shelving scheme Library of Congress Classification
Koha item type Monograph ( Printed materials)
Holdings
Withdrawn status Lost status Source of classification or shelving scheme Damaged status Not for loan Collection code Home library Current library Shelving location Date acquired Total Checkouts Full call number Barcode Date last seen Date checked out Price effective from Koha item type
    Library of Congress Classification     Main Collection ARRUPE LIBRARY ARRUPE LIBRARY Main Collection 15/05/2014 2 DT155.2.A35 A85 1994 46500000783 07/12/2017 09/11/2016 15/05/2014 Monograph ( Printed materials)

 

Arrupe Library. PO Box MP320 Mt Pleasant, Harare, Zimbabwe
263 242 745411|librarian@aju.ac.zw